000 00660cab a2200253 4500
001 X1421
008 090401t1994 xxu||||| |||| 00| 0 eng d
035 _a(Sirsi) u16999
041 _aeng
245 _aDirectory covers UK North Sea coastal margin
260 _c1994
350 _a0
490 _aCSM (Chartered Surveyor Monthly)
_v3(7) April 1994, 10(1)
650 _aCOASTAL MARGIN
650 _aDIRECTORIES
650 _aEnvironment
_96238
650 _aINFORMATION SOURCES
650 _aJOINT NATURE CONSERVATION COMMITTEE
650 _aMARITIME
650 _aNORTH SEA
690 _aMARINE RESOURCES
942 _n0
948 _c04/03/1997
999 _c11260
_d11260